000 00206nam a2200097Ia 4500
008 240331s9999 xx 000 0 und d
082 _bMAR
100 _aMarx, A
245 0 _aUdaipadum punithangal
942 _cL
999 _c3680
_d3680